| 000 | 00000nam 22000008i 4500 |
| 001 | 9.950758 |
| 003 | CaOODSP |
| 005 | 20250718124247 |
| 006 | m o d f |
| 007 | cr mn||||||||| |
| 008 | 250502e20250718onca obf f000 0 eng d |
| 020 | |a9780660771328 |
| 040 | |aCaOODSP|beng|erda|cCaOODSP |
| 043 | |an-cn--- |
| 086 | 1 |aCS72-212/2025-1E-PDF |
| 245 | 00|aT1 family file, final estimates, 2023. |
| 246 | 17|aTechnical reference guide for the annual income estimates for census families, individuals and seniors : |bT1 family file, final estimates, 2023 |
| 264 | 1|a[Ottawa] : |bStatistics Canada = Statistique Canada, |cJuly 18, 2025. |
| 264 | 4|c©2025 |
| 300 | |a1 online resource (87 pages) : |billustration. |
| 336 | |atext|btxt|2rdacontent |
| 337 | |acomputer|bc|2rdamedia |
| 338 | |aonline resource|bcr|2rdacarrier |
| 490 | 0 |aTechnical reference guide for the annual income estimates for census families, individuals and seniors |
| 500 | |aIssued also in French under title: Fichier de familles T1, estimations finales, 2023. |
| 500 | |aTitle from cover. |
| 500 | |a"Catalogue no. 72-212-X." |
| 504 | |aIncludes bibliographical references. |
| 520 | |a"Urban planning, social policy, and local marketing strategies require a comprehensive understanding of regional socio-economic characteristics. The T1 Family File (T1FF) data, available for low levels of geography, can contribute significantly to this knowledge. These data will be a valuable aid to anyone assessing the sociological and financial status of residents in the geographic area of interest to them. The T1FF data includes tables on census families, individuals and seniors. These tables are compiled from information obtained through annual personal income tax returns and is updated annually. For simplicity, this documentation has been divided into four sections: the first section deals with the source of the data, its vintage and accuracy and how the data are presented to maintain confidentiality; the second section on data tables includes notes of explanation and describes the format of the data tables; the glossary, in the third section, will provide the data user with definitions of the terms used in this documentation; the fourth section contains an explanation of the geographic levels available"--Introduction, page 4. |
| 650 | 0|aIncome|zCanada|xStatistics|vHandbooks, manuals, etc. |
| 651 | 0|aCanada|xPopulation|xStatistics|vHandbooks, manuals, etc. |
| 655 | 7|aHandbooks and manuals|2lcgft |
| 710 | 2 |aStatistics Canada, |eissuing body. |
| 775 | 08|tFichier de familles T1, estimations finales, 2023.|w(CaOODSP)9.950760 |
| 795 | |tT1 family file, final estimates, 2022.|w(CaOODSP)9.938480 |
| 856 | 40|qPDF|s736 KB|uhttps://publications.gc.ca/collections/collection_2025/statcan/72-212-x2025001-eng.pdf |
| 856 | 4 |qHTML|sN/A|uhttps://www150.statcan.gc.ca/n1/pub/72-212-x/72-212-x2025001-eng.htm |
| 986 | |a72-212-X |